000
00248nam a2200097Ia 4500
008
240625s9999 xx 000 0 und d
041
_a
eng
100
_a
THE MICROSOFT OFFICE TEAM
245
_a
MICROSOFT SYSTEM 2003 EDTION STEP BY STE
260
_c
2004
999
_c
33212
_d
33212